Top 30 rappeurs français - Statistiques

Statistiques générales
  • Ce quiz a été pris 7 276 fois
  • Le résultat moyen est 16 sur 30
Statistiques - réponses
Rang Rappeur Ventes Meilleur Album % Correct
1 Jul 5 990 000 L'ovni
99%
7 Ninho 2 640 000 Destin
92%
16 Aya Nakamura 1 360 000 Nakamura
87%
4 Booba 2 920 000 Trône
85%
27 Kaaris 1 100 000 Or Noir
82%
8 PNL 2 510 000 Dans la légende
82%
11 Damso 1 900 000 Ipséité
79%
15 Niska 1 370 000 Commando
79%
13 SCH 1 600 000 A7
79%
9 Nekfeu 2 050 000 Les étoiles vagabondes
77%
23 Black M 1 150 000 Les yeux plus grosque le monde
72%
14 NTM 1 500 000 Suprême NTM
65%
2 Maitre Gims 3 785 000 Subliminal
62%
12 Orelsan 1 880 000 La fête est fini
61%
6 Soprano 2 745 000 Cosmopolitanie
57%
5 IAM 2 865 000 L'école du micro d'agent
51%
19 Dadju 1 250 000 Gentleman 2.0
42%
21 Diam's 1 210 000 Dans ma bulle
40%
29 Djadja et Dinaz 1 095 000 Drôle de mentalité 1&2
37%
18 Big flo et Oli 1 310 000 La vrai vie
34%
26 Lomepal 1 105 000 Jeannine, FLIP
32%
17 Sexion d'Assaut 1 340 000 L'apogée
32%
20 Lacrim 1 235 000 Force & Honneur
31%
24 Sniper 1 135 000 Gravés dans la roche
31%
10 Rohff 1 950 000 La vie avant la mort
22%
22 Doc Gynéco 1 210 000 Première consultation
21%
30 La Fouine 1 025 000 Drôle de parcours
21%
3 MC Solar 3 490 000 Prose combat
11%
28 Manau 1 100 000 Panique celtique
9%
25 Sinik 1 125 000 Sang froid
6%
Aucun quiz correspondant
Distribution des résultats
% des personnes avec chaque résultat
Percentile par nombre de réponses
Votre historique - résultats
Vous n’avez pas pris ce quiz